000 00710nam a2200289Ia 4500
005 20260324133202.0
008 008 260324s9999 xx 000 0 eng d
020 _a9780429479885
037 _aEBOOK
040 _aCRL
040 _beng
040 _cCRL
041 _2eng
041 _aeng
084 _qCRL
100 _aMargaret Cohen
_9871409
245 0 _aSent Before My Time
245 2 _bA Child Psychotherapist's View of Life on a Neonatal Intensive Care Unit
260 _bTaylor and Francis
260 _c2003
365 _a
365 _b220
856 _uhttp://www.taylorfrancis.com/books/9780429479885
942 _cEBOOK
999 _c1790945
_d1790945